[Event "Rostock SSC op 17th"]
[Site "Rostock"]
[Date "2018.07.13"]
[Round "4.15"]
[White "Bergenwall, Henric"]
[Black "Duede, Sebastian"]
[Result "1/2-1/2"]
[WhiteElo "1971"]
[BlackElo "1283"]
[PlyCount "28"]
[EventDate "2018.07.11"]
[EventType "swiss"]
[EventRounds "7"]
[EventCountry "GER"]
[SourceTitle "EXT 2019"]
[Source "ChessBase"]
[SourceDate "2018.10.10"]
[SourceVersion "1"]
[SourceVersionDate "2018.10.10"]
[SourceQuality "1"]

1. e4 c5 2. d4 cxd4 3. c3 dxc3 4. Nxc3 Nc6 5. Nf3 d6 6. Bc4 g6 7. 0-0 Bg7 8. Qe2 Nf6 9. h3 0-0 10. Rd1 Qc7 11. Be3 a6 12. Rac1 e6 13. Bb3 Rd8 14. Na4 Nd7 1/2-1/2